Anthology of classical myth : (Record no. 16899)
[ view plain ]
| 000 -LEADER | |
|---|---|
| fixed length control field | 01741pam a2200397 a 4500 |
| 001 - CONTROL NUMBER | |
| control field | 13596540 |
| 003 - CONTROL NUMBER IDENTIFIER | |
| control field | EG-ScBUE |
| 005 - DATE AND TIME OF LATEST TRANSACTION | |
| control field | 20220320110254.0 |
| 008 - FIXED-LENGTH DATA ELEMENTS--GENERAL INFORMATION | |
| fixed length control field | 040518s2004 inub f d 001 0 eng d |
| 020 ## - INTERNATIONAL STANDARD BOOK NUMBER | |
| International Standard Book Number | 9780872207219 |
| 040 ## - CATALOGING SOURCE | |
| Original cataloging agency | DLC |
| Language of cataloging | eng |
| Description conventions | rda |
| Transcribing agency | DLC |
| Modifying agency | YDX |
| -- | DLC |
| -- | EG-ScBUE |
| 041 1# - LANGUAGE CODE | |
| Language code of text/sound track or separate title | eng |
| Language code of original and/or intermediate translations of text | grclat |
| 082 04 - DEWEY DECIMAL CLASSIFICATION NUMBER | |
| Classification number | 880.08 |
| Edition number | 22 |
| Item number | ANT |
| 245 00 - TITLE STATEMENT | |
| Title | Anthology of classical myth : |
| Remainder of title | primary sources in translation / |
| Statement of responsibility, etc | edited and and featuring new translations by Stephen M. Trzaskoma, R. Scott Smith, and Stephen Brunet ; with additional translations by other scholars ; an appendix on Linear B sources by Thomas G. Palaima. |
| 264 #1 - PUBLICATION, DISTRIBUTION, ETC. (IMPRINT) | |
| Place of publication, distribution, etc | Indianapolis : |
| Name of publisher, distributor, etc | Hackett Publishing Company, Inc., |
| Date of publication, distribution, etc | 2004. |
| 300 ## - PHYSICAL DESCRIPTION | |
| Extent | lvii, 517 pages : |
| Other physical details | maps ; |
| Dimensions | 23 cm |
| 336 ## - CONTENT TYPE | |
| Source | rdacontent |
| Content type term | text |
| Content type code | txt |
| 337 ## - MEDIA TYPE | |
| Source | rdamedia |
| Media type term | unmediated |
| Media type code | n |
| 338 ## - CARRIER TYPE | |
| Source | rdacarrier |
| Carrier type term | volume |
| Carrier type code | nc |
| 500 ## - GENERAL NOTE | |
| General note | Includes index.<br/> |
| 500 ## - GENERAL NOTE | |
| General note | Includes glossary.<br/> |
| 500 ## - GENERAL NOTE | |
| General note | Includes Appendices.<br/> |
| 650 #7 - SUBJECT ADDED ENTRY--TOPICAL TERM | |
| Topical term or geographic name as entry element | Classical literature |
| Form subdivision | Translations into English. |
| 9 (RLIN) | 30697 |
| Source of heading or term | BUEsh |
| 650 #7 - SUBJECT ADDED ENTRY--TOPICAL TERM | |
| Topical term or geographic name as entry element | Mythology, Classical |
| Form subdivision | Literary collections. |
| 9 (RLIN) | 30698 |
| Source of heading or term | BUEsh |
| 650 #7 - SUBJECT ADDED ENTRY--TOPICAL TERM | |
| Topical term or geographic name as entry element | Mythology, Classical. |
| 9 (RLIN) | 30699 |
| Source of heading or term | BUEsh |
| 651 ## - SUBJECT ADDED ENTRY--GEOGRAPHIC NAME | |
| Source of heading or term | BUEsh |
| 653 ## - INDEX TERM--UNCONTROLLED | |
| Arrived date list | July2012 |
| Resource For college | Humanities: English |
| 655 ## - INDEX TERM--GENRE/FORM | |
| Form subdivision | Reading book |
| 9 (RLIN) | 34232 |
| 700 1# - ADDED ENTRY--PERSONAL NAME | |
| Personal name | Trzaskoma, Stephen, |
| Relator term | editor, |
| -- | translator. |
| 9 (RLIN) | 30700 |
| 700 1# - ADDED ENTRY--PERSONAL NAME | |
| Personal name | Smith, R. Scott, |
| Dates associated with a name | 1971- |
| Relator term | editor, |
| -- | translator. |
| 9 (RLIN) | 30701 |
| 700 1# - ADDED ENTRY--PERSONAL NAME | |
| Personal name | Brunet, Stephen, |
| Dates associated with a name | 1954- |
| Relator term | editor, |
| -- | translator. |
| 9 (RLIN) | 30702 |
| 700 1# - ADDED ENTRY--PERSONAL NAME | |
| Personal name | Palaima, Thomas G., |
| Relator term | translator. |
| 9 (RLIN) | 30703 |
| 942 ## - ADDED ENTRY ELEMENTS (KOHA) | |
| Source of classification or shelving scheme | Dewey Decimal Classification |
| Koha item type | Book - Borrowing |
| Withdrawn status | Lost status | Source of classification or shelving scheme | Damaged status | Not for loan | Collection code | Home library | Current library | Shelving location | Date acquired | Source of acquisition | Cost, normal purchase price | Serial Enumeration / chronology | Total Checkouts | Full call number | Barcode | Date last seen | Price effective from | Koha item type |
|---|---|---|---|---|---|---|---|---|---|---|---|---|---|---|---|---|---|---|
| Dewey Decimal Classification | Baccah | Central Library | Central Library | Second Floor | 16/07/2012 | 141.00 | 15359 | 880.08 ANT | 000027012 | 15/07/2025 | 16/07/2012 | Book - Borrowing |